| 000 | 00601nam a22001577a 4500 | ||
|---|---|---|---|
| 003 | SGT | ||
| 082 | _a651.74,GUP | ||
| 100 | _aGUPTA,O.P | ||
| 245 | _aBUSINESS COMMUNICATION | ||
| 250 | _a4TH | ||
| 260 |
_aJALANDHAR _bS.DINESH & CO _c2008 |
||
| 300 | _a328 | ||
| 650 | _aOFFICE COMMUNICATION, ENGLISH | ||
| 653 | _aBASIC FORMS OF BUSINESS COMMUNICATION, DIFFERENT MODELS AND PROCESSES OF COMMUNICATION, EFFECTIVE COMMUNICATION, THEORIES OF COMMUNICATION AND AUDIENCE ANALYSIS, SELF DEVELOPMENT AND COMMUNICATION, CORPORATE COMMUNICATION, KINDS OF BUSINESS LETTERS, WRITING SKILLS | ||
| 942 |
_2ddc _cFCM |
||
| 999 |
_c9134 _d9134 |
||